| Tag |
First Indicator |
Second Indicator |
Subfields |
| LEADER |
00000cam a2200000 a 4500 |
| 001 |
in00001151221 |
| 005 |
20151001051940.0 |
| 007 |
he bmb|||buca |
| 008 |
870715m18551861xx a bb 000 0 grc d |
| 035 |
|
|
|a (OCoLC)16186776
|
| 035 |
|
|
|9 AGC6523AM
|
| 040 |
|
|
|a LRU
|c LRU
|d TXA
|d UtOrBLW
|
| 041 |
1 |
|
|a grc
|a lat
|h grc
|
| 049 |
|
|
|a TXAI
|
| 099 |
|
|
|a fiche
|a C
|a 9930
|
| 245 |
0 |
0 |
|a Geographi Græci minores /
|c e codicibus recognovit, prolegomenis annotatione indicibus instruxit, tabulis æri incisis illustravit Carolus Mullerus.
|
| 264 |
|
1 |
|a Parisiis :
|b A. Firmin Didot,
|c 1855-1861.
|
| 300 |
|
|
|a 2 volumes :
|b illustrations ;
|c 26 cm.
|
| 336 |
|
|
|a text
|b txt
|2 rdacontent
|
| 337 |
|
|
|a microform
|b h
|2 rdamedia
|
| 338 |
|
|
|a microfiche
|b he
|2 rdacarrier
|
| 500 |
|
|
|a Texts in Greek; translations and critical matter in Latin.
|
| 504 |
|
|
|a Includes bibliographical references.
|
| 533 |
|
|
|a Microfiche.
|b Chico, Calif. :
|c Published for Classical Micropublishing by Scholars Press,
|d 1983.
|e 16 microfiches : negative ; 11 x 15 cm.
|
| 500 |
|
|
|a "Film made by Columbia University Libraries."
|
| 500 |
|
|
|a On microfiche header: 32 52 41.
|
| 539 |
|
|
|a s
|b 1983
|d cau
|e n
|
| 500 |
|
|
|a Microform.
|
| 650 |
|
0 |
|a Geography, Ancient.
|
| 700 |
1 |
|
|a Müller, Karl,
|c of Paris.
|
| 999 |
|
|
|a MARS
|
| 999 |
f |
f |
|s 9a4d5a4d-d242-374a-9efd-2eedc4dd5c04
|i 4f1c5e13-e8db-31ee-aa56-a0ed51fc45b2
|t 0
|
| 952 |
f |
f |
|p default
|a Texas A&M University
|b College Station
|c Sterling C. Evans Library
|d Evans: Microforms (3rd floor)
|t 0
|e fiche C 9930
|h Other scheme
|i microform -- microfiche
|
| 998 |
f |
f |
|a fiche C 9930
|t 0
|l Evans: Microforms (3rd floor)
|